000 00578nam a2200181 4500
999 _c191275
_d191275
005 20220823165912.0
010 _aENG-134569
020 _c700.00
_a9789387102767
035 _aEN-118101
037 _bDBAD/PUB
082 _a658.84
245 _aCommres-Dagbok'17/
_cedited by T. Rajakumaran, S. Balamurugan, V. Krishnakumar
260 _aTamilnadu
_bShanlax Publications
_c2018
270 _a61,66,T.P.K. Main Road, Vasantha Nagar, Madurai
_bTamilnadu
_e625003
300 _a119p.
_c25cm(pbk)
700 _aT. Rajakumaran
942 _2ddc
_cEN
_h658.84
_mCOM